000
00275nam a2200109Ia 4500
008
230907s9999||||xx |||||||||||||| ||und||
082
_a
332.1091767
_b
SCH
100
_a
Schoon, Natalie,
_9
115956
245
0
_a
Modern Islamic banking :
300
_a
xx,172 pages ;
942
_c
BK
999
_c
600450
_d
600450